LEADER 01526nam0 2200337 i 450 001 RAV0168963 005 20251003044326.0 010 $a8885902413 020 $aIT$b92-9314 100 $a19911205d1991 ||||0itac50 ba 101 | $aita 102 $ait 181 1$6z01$ai $bxxxe 182 1$6z01$an 200 1 $aAdriatico$estudi di storia, secoli 14.-19.$fSergio Anselmi 210 $aAncona$cClua$d1991 215 $a453 p.$cill.$d25 cm. 606 $aMare Adriatico$xStoria$xSec. 14.-19.$2FIR$3BVEC077356$9I 676 $a387.5$9Trasporti per via d'acqua, aerei, spaziali.Trasporti marittimi$v14 676 $a387.50916385$9TRASPORTI MARITTIMI. MARE ADRIATICO$v20 676 $a909.0916385$9STORIA UNIVERSALE. AREE GEOGRAFICHE, LUOGHI IN GENERALE. MARE MEDITERRANEO$v21 700 1$aAnselmi$b, Sergio$3CFIV021783$4070$023759 801 3$aIT$bIT-000000$c19911205 850 $aIT-BN0095 $aIT-NA0650 901 $bNAP 73$cBIBLIOTECA$n$ 901 $bNAP 01$cPOZZO LIB.$nVi sono collocati fondi di economia, periodici di ingegneria e scienze, periodici di economia e statistica e altri fondi comprendenti documenti di economia pervenuti in dono. 912 $aRAV0168963 950 0$aBiblioteca Centralizzata di Ateneo$b1 v.$c1 v.$d 01POZZO LIB.ECON MON 9894$e 0101 0000093185E VMA 1 v. (precedente collocazione: GUERRAZZI B 662)$fB $h20071128$i20071128 977 $a 01$a 73 996 $aAdriatico$965794 997 $aUNISANNIO